Zlatý syn /
Druhý díl bestsellerové sci-fi ságy o pomstě a boji za svobodu na Marsu Darrow je Rudý, člen nejnižší kasty horníků a námezdních dělníků. Mládí strávil těžkou dřinou v heliovém dole hluboko pod povrchem Marsu, v domnění, že planetu připravuje pr...
Uloženo v:
| Série: | Rudý úsvit,
část 2 |
|---|---|
| Hlavní autor: | |
| Médium: | E-kniha |
| Jazyk: | Czech |
| Vydáno: |
Praha :
HOST - vydavatelství, s.r.o.,
2026
|
| Příbuzné jednotky: | Z cyklu::
Rudý úsvit |
| Tagy: |
Žádné tagy |
| LEADER | 03205nam a22002417i 4500 | ||
|---|---|---|---|
| 001 | 302323 | ||
| 007 | ta | ||
| 008 | 260511s2026 xr ||||| |||| 00| 0 cze d | ||
| 020 | |a 9788027529230 | ||
| 044 | |a xr | ||
| 100 | 1 | |a Brown, Pierce |4 aut | |
| 245 | 1 | 0 | |a Zlatý syn / |c Brown, Pierce |
| 240 | 1 | 0 | |a Golden Son |
| 264 | 1 | |a Praha : |b HOST - vydavatelství, s.r.o., |c 2026 | |
| 300 | |a 1 online zdroj (456 stran) | ||
| 336 | |a text |b txt |2 rdacontent | ||
| 337 | |a bez média |b n |2 rdamedia | ||
| 338 | |a online zdroj |b cr |2 rdacarrier | ||
| 520 | 2 | |a Druhý díl bestsellerové sci-fi ságy o pomstě a boji za svobodu na Marsu Darrow je Rudý, člen nejnižší kasty horníků a námezdních dělníků. Mládí strávil těžkou dřinou v heliovém dole hluboko pod povrchem Marsu, v domnění, že planetu připravuje pro kolonizaci těžce zkoušeného pozemského lidstva. Celý jeho život byl však jedna velká lež. Barevně roztříděná Společnost, které sloužil, je ve skutečnosti jen nesmírnou otrokářskou hierarchií s krutou a bezohlednou kastou Zlatých v čele. Darrow s pomocí povstaleckého hnutí infiltruje marsovský Institut, kde Společnost vychovává Nejvyšší zjizvené, vládnoucí vrstvu Zlatých, elitu elity. V průběhu „studia“, které je spíše bezohledným bojem o přežití všech proti všem, se vypracuje na nejlepšího studenta, a získá tak patronát rodu Augustů v čele s arciguvernérem Marsu Neronem. Mužem, který nechal pověsit jeho milovanou ženu Eo. Darrow ve službách bezohledného vládce Rudé planety plánuje pomstu. Časem se však začíná všechno komplikovat a Darrow v dravčím světě Zlatých nachází přátelství, respekt, a dokonce i lásku. Ví, že ho čeká válka, která změní osud lidstva, a že si bude muset vybrat — buď nanejvýš lidská touha po pomstě a krvavé revoluci, nebo Eoino poselství lásky a naděje pro všechny. ––– Nutnost jak pro fanoušky klasické sci-fi, tak pro zaryté příznivce dystopických eposů nové školy.— Examiner Ojedinělý počin, který uhrane svým čtivým vyprávěním a chytrými, dramatickými zvraty, neotřelou směsí témat i svébytným hrdinou.— Pevnost o románu Rudý úsvit Politika, válka, niterné boje, třídní boje a sledování, jak se vaši milovaní trápí, jak se jejich přátelství rozpadají, znovu napravují a napínají nad míru toho, co jsou schopni snést. Zlatý syn je dokonalým pokračováním a prostě zatraceně dobrá sci-fi.— Grimdark Magazine | |
| 787 | 0 | 8 | |g 2 |i Z cyklu: |t Rudý úsvit |
| 910 | |a RBIT002 | ||
| 998 | |d 426774 |a https://core.palmknihy.cz/api/books/426774/cover?tenn7j |b https://core.palmknihy.cz/api/books/426774/cover/400?tenn7j |c https://core.palmknihy.cz/api/books/426774/cover/50?tenn7j |e 2030-03-22 |g 456 |i 9788027529230 |j https://core.palmknihy.cz/api/books/426774/preview.epub |k https://core.palmknihy.cz/api/books/426774/preview.pdf |l |q 49 |r 1 |s https://www.palmknihy.cz/kniha/426774 |t ebook |y 2026 |z 1 |v Rudý úsvit |w 2 | ||
| 999 | |d 302321 | ||